| 000 | 00448nam a22001577a 4500 | ||
|---|---|---|---|
| 005 | 20260226100743.0 | ||
| 008 | 260226b |||||||| |||| 00| 0 eng d | ||
| 020 | _a978-1-85715-248-7 | ||
| 100 | _aMAHFOUZ NAGUIB | ||
| 245 | _aTHE CAIRO TRILOGY: PALACE WALK,PALACE OF DESIRE SUGAR STREET | ||
| 260 |
_aNEW YORK _bEVERYMANS LIBRARY _c2001 |
||
| 300 | _aXLIII,1313P. | ||
| 500 | _aINLUDES AN INDEX | ||
| 650 | _aMUSLIMS- EGYPT | ||
| 942 |
_2lcc _cBK |
||
| 999 |
_c216688 _d216688 |
||